[Event "British Chess Championships 2023: U10 Championship"]
[Site "De Montfort University, 20 Western Boulevard, Leicester, LE2 7BU"]
[Date "2023.07.29"]
[Round "7"]
[Board "21"]
[White "Tang, Ayanna"]
[Black "Patel, Parisa"]
[Result "1/2-1/2"]
[WhiteElo "575"]
[BlackElo "873"]
[PlyCount "0"]
[EventDate "2023.07.25"]
[EventRounds "7"]
[EventCountry "ENG"]

1. e4 e5 2. Bc4 Nc6 3. Nc3 Nf6 4. Nf3 Bc5 5. d3 h6 6. a3 d6 7. h3 Be6 8. Bxe6 fxe6
9. O-O O-O 10. Qe2 d5 11. exd5 exd5 12. Nxe5 Qe7 13. Bf4 Nd7 14. Nxd7 Qxd7 15. Qf3
Bd6 16. Nxd5 Ne7 17. Nxe7+ Qxe7 18. g3 c6 19. Rae1 Qc7 20. Re6 Bxf4 21. gxf4 Rxf4
22. Qg3 Rf7 23. Qxc7 Rxc7 24. c4 Rd8 25. Rfe1 Rxd3 26. Re8+ Kf7 27. Kg2 Rb3 28. R8e2
g5 29. f3 Rd7 30. Rb1 Rdd3 31. Rf2 Rdc3 32. bxc3 Rxb1 33. f4 Kg6 34. fxg5 hxg5 35.
Kg3 Rg1+ 36. Rg2 Rxg2+ 37. Kxg2 Kh5 38. Kg3 b5 39. cxb5 cxb5 40. Kg2 Kh4 41. Kh2
g4 42. hxg4 Kxg4 43. Kg2 Kf4 44. Kf2 Ke4 45. Ke2 Kd5 46. Kd3 Kc5 47. Kc2 Kc4 48.
Kb2 a5 49. Kc2 b4 50. axb4 axb4 51. cxb4 Kxb4  1/2-1/2

[Event "British Chess Championships 2023: U10 Championship"]
[Site "De Montfort University, 20 Western Boulevard, Leicester, LE2 7BU"]
[Date "2023.07.29"]
[Round "7"]
[Board "22"]
[White "Mehta, Zara"]
[Black "Calvert, William"]
[Result "1-0"]
[WhiteElo "990"]
[BlackElo "806"]
[PlyCount "0"]
[EventDate "2023.07.25"]
[EventRounds "7"]
[EventCountry "ENG"]

1. d4 d5 2. Bf4 Bf5 3. e3 e6 4. Nf3 Nc6 5. Nbd2 Nf6 6. c3 Bd6 7. Bg3 O-O 8. Bb5 a6
9. Bxc6 bxc6 10. Bxd6 Qxd6 11. O-O Be4 12. Rc1 Ng4 13. h3 Bxf3 14. Nxf3 Nf6 15. c4
dxc4 16. Rxc4 Rab8 17. Qc2 Rb6 18. Ne5 Rfb8 19. b3 Nd7 20. Nxc6 e5 21. Nxb8 Rxb8
22. Rxc7 Rb6 23. Rc8+ Nf8 24. Qc7 Qb4 25. Ra8 h6 26. Ra7 Rf6 27. dxe5 Rf5 28. Ra8
Qe4 29. Qc8 Rg5 30. g3 Qxe5 31. Qxf8+ Kh7 32. Qxf7 Qe4 33. Qg8+ Kg6 34. Rxa6+ Kh5
35. Qf7+ g6 36. Ra4 Qc6 37. Rh4#  1-0